| 000 | 00509nmm a2200169Ia 4500 | ||
|---|---|---|---|
| 008 | 251105s9999||||xx |||||||||||||||||und|| | ||
| 020 | _a9788433997586 | ||
| 041 | _aspa | ||
| 100 | _aFernández Savater, Fernando | ||
| 245 | 0 |
_aEl traspié : _b Una tarde con Schopenhauer |
|
| 264 |
_a[Madrid, España] : _bEditorial Anagrama, _c2013 |
||
| 300 | _a96 páginas | ||
| 490 | _aNarrativas hispánicas | ||
| 650 | _aSpanish narrative | ||
| 856 | _uhttps://public.digitaliapublishing.com/a/32645 | ||
| 942 | _cCF | ||
| 999 |
_c81943 _d81943 |
||